Brestovany
| Format: | Image |
|---|---|
| Language: | English |
| PhysicalDescription: | 1 pohľadnica čiernobiela 8,8x13,8 cm |
| Published: |
[S.l.]
[s.n.]
1925
|
MARC
| LEADER | 00000nkm a2200000 a 4500 | ||
|---|---|---|---|
| 001 | vtls010280175 | ||
| 003 | SK-MaSNL | ||
| 005 | 20260224035237.0 | ||
| 008 | 200701 000 vleng | ||
| 040 | |a SNK |b slo |c SNK |e AACR2 | ||
| 245 | 1 | 0 | |a Brestovany |h grafika |
| 260 | |a [S.l.] |b [s.n.] |c 1925 | ||
| 300 | |a 1 pohľadnica |b čiernobiela |c 8,8x13,8 cm | ||
| 958 | |a GBN | ||
| 999 | |c 835721 |d 837651 | ||
| 952 | |a SNK |b SNK |y PREZ |7 0 |p 17A0699786 |o snkSP 55569 |3 rekatalogizácia |0 0 |1 0 |4 0 |d 2011-05-20 |l 0 |r 2026-02-24 03:52:37 |w 2026-02-24 | ||


